000 00316nam a22001337a 4500
008 181022b xxu||||| |||| 00| 0 eng d
020 _a0721636098
041 _aeng
080 _a616.12
100 _a6
101 _aKAR
245 _aEssentials Cardiopumonary Physical Therapy
_cSadowski.H
942 _2udc
_cBK
999 _c50503
_d50503